[Event "BCF-chT3W 2223 (4NCL)"]
[Site "England"]
[Date "2023.04.29"]
[Round "9.45"]
[White "Cox, Lucian"]
[Black "Hung, Jake"]
[Result "0-1"]
[WhiteElo "1604"]
[BlackElo "1838"]
[PlyCount "106"]
[EventDate "2022.10.22"]
[EventType "team-tourn"]
[EventRounds "11"]
[EventCountry "ENG"]
[SourceTitle "EXT 2024"]
[Source "ChessBase"]
[SourceDate "2023.10.10"]
[SourceVersion "1"]
[SourceVersionDate "2023.10.10"]
[SourceQuality "1"]
[WhiteTeam "MK Phoenix II"]
[BlackTeam "Barnet Knights II"]
[WhiteTeamCountry "ENG"]
[BlackTeamCountry "ENG"]

1. e4 c6 2. d4 d5 3. exd5 cxd5 4. c4 Nf6 5. Nc3 a6 6. Bf4 Nc6 7. h3 e6 8. Nf3 Be7 9. Be2 dxc4 10. Bxc4 b5 11. Bb3 Bb7 12. 0-0 0-0 13. d5 exd5 14. Nxd5 Nxd5 15. Bxd5 Bf6 16. Bxc6 Bxc6 17. Qxd8 Rfxd8 18. Be5 Bxf3 19. Bxf6 Bxg2 20. Bxd8 Bxf1 21. Kxf1 Rxd8 22. Rc1 Kf8 23. Rc6 Ra8 24. Rb6 Ra7 25. b3 Ke7 26. a4 bxa4 27. bxa4 a5 28. Ke2 Rc7 29. Ra6 Rc5 30. Kf3 f6 31. Ra7+ Kf8 32. Kg3 Rg5+ 33. Kf4 Rc5 34. Kg3 Rg5+ 35. Kf4 h5 36. f3 Rc5 37. Kg3 Kg8 38. f4 Kh7 39. Kh4 Kh6 40. Ra6 Kg6 41. Ra7 Kh6 42. Ra6 Rc3 43. Rxa5 g5+ 44. fxg5+ fxg5+ 45. Rxg5 Rc4+ 46. Rg4 hxg4 47. hxg4 Rxa4 48. Kh3 Kg5 49. Kg3 Ra3+ 50. Kg2 Kxg4 51. Kh2 Ra2+ 52. Kh1 Kg3 53. Kg1 Ra1# 0-1

[Event "BCF-chT4 1516 (4NCL)"]
[Site "England"]
[Date "2016.05.02"]
[Round "11.99"]
[White "Hung, Jake"]
[Black "Shepherd, Graham C"]
[Result "1-0"]
[WhiteElo "1810"]
[BlackElo "1742"]
[PlyCount "101"]
[EventDate "2015.11.14"]
[EventType "team-swiss"]
[EventRounds "11"]
[EventCountry "ENG"]
[SourceTitle "EXT 2017"]
[Source "ChessBase"]
[SourceDate "2016.10.25"]
[SourceVersion "1"]
[SourceVersionDate "2016.10.25"]
[SourceQuality "1"]
[WhiteTeam "Barnet Knights"]
[BlackTeam "Shropshire II"]
[WhiteTeamCountry "ENG"]
[BlackTeamCountry "ENG"]

1. c4 Nf6 2. g3 c6 3. Bg2 g6 4. Nf3 Bg7 5. 0-0 0-0 6. d4 Na6 7. Nc3 d6 8. e4 Nc7 9. h4 Bg4 10. Qd3 Qc8 11. Nh2 Bd7 12. f4 Bh3 13. Rf3 Bxg2 14. Kxg2 Ng4 15. Nxg4 Qxg4 16. Be3 Qd7 17. f5 Ne8 18. h5 gxh5 19. Rh1 Nf6 20. Bg5 h6 21. Bxf6 Bxf6 22. Rxh5 Bg5 23. Ne2 Kg7 24. Nf4 Rh8 25. g4 Rag8 26. Qd2 Kf8 27. Ne6+ Ke8 28. Nxg5 hxg5 29. Rxh8 Rxh8 30. Qxg5 Kd8 31. f6 Re8 32. fxe7+ Qxe7 33. Qxe7+ Rxe7 34. Re3 d5 35. b3 Kd7 36. Kf3 dxc4 37. bxc4 Re8 38. Kf4 Rh8 39. g5 Rh1 40. Rf3 Re1 41. c5 Ke6 42. Rh3 Rf1+ 43. Ke3 Ra1 44. Rh6+ Ke7 45. Rh7 Rxa2 46. g6 b5 47. cxb6 axb6 48. Kf3 Kf8 49. Rxf7+ Kg8 50. Rc7 Rb2 51. Rxc6 1-0

[Event "BCF-chT4 1516 (4NCL)"]
[Site "England"]
[Date "2016.02.13"]
[Round "5.179"]
[White "Griffiths, Hywel"]
[Black "Hung, Jake"]
[Result "1/2-1/2"]
[WhiteElo "1826"]
[BlackElo "1810"]
[PlyCount "79"]
[EventDate "2015.11.14"]
[EventType "team-swiss"]
[EventRounds "11"]
[EventCountry "ENG"]
[SourceTitle "EXT 2017"]
[Source "ChessBase"]
[SourceDate "2016.10.25"]
[SourceVersion "1"]
[SourceVersionDate "2016.10.25"]
[SourceQuality "1"]
[WhiteTeam "West is Best II"]
[BlackTeam "Barnet Knights"]
[WhiteTeamCountry "ENG"]
[BlackTeamCountry "ENG"]

1. e4 c6 2. d4 d5 3. Nc3 dxe4 4. Nxe4 Bf5 5. Ng3 Bg6 6. h4 h6 7. Nf3 Nd7 8. h5 Bh7 9. Bd3 Bxd3 10. Qxd3 Qa5+ 11. Bd2 Qc7 12. 0-0-0 Ngf6 13. Ne4 0-0-0 14. g3 Nxe4 15. Qxe4 e6 16. Qf4 Bd6 17. Qxf7 Rhf8 18. Qxg7 Rxf3 19. Qxh6 Rxf2 20. g4 Rxd2 21. Rxd2 Bf4 22. Qxe6 Bxd2+ 23. Kxd2 Qf4+ 24. Qe3 Qxg4 25. Rh2 Nf6 26. Qh3 Qxh3 27. Rxh3 Rxd4+ 28. Ke3 Rd7 29. Kf4 Rd5 30. h6 Rd7 31. Kf5 Nh7 32. Rg3 Rf7+ 33. Kg6 Re7 34. Rf3 Kd7 35. Rf7 Rxf7 36. Kxf7 Ng5+ 37. Kg6 Ne6 38. Kf6 Nf8 39. Kf7 Ne6 40. Kf6 1/2-1/2

[Event "London Classic op 7th"]
[Site "London"]
[Date "2015.12.05"]
[Round "2"]
[White "Hung, Jake"]
[Black "Lenderman, Aleksandr"]
[Result "0-1"]
[WhiteElo "1640"]
[BlackElo "2627"]
[PlyCount "62"]
[EventDate "2015.12.04"]
[EventType "swiss"]
[EventRounds "9"]
[EventCountry "ENG"]
[SourceTitle "CBM 169 Extra"]
[Source "ChessBase"]
[SourceDate "2015.12.18"]
[SourceVersion "1"]
[SourceVersionDate "2015.12.18"]
[SourceQuality "1"]

1. c4 c5 2. g3 Nc6 3. Bg2 g6 4. Nc3 Bg7 5. e4 Nf6 6. f4 d6 7. Nf3 0-0 8. 0-0 a6 9. d3 Bg4 10. Ne2 b5 11. cxb5 axb5 12. a4 Nd7 13. Ra2 Qb6 14. Be3 Be6 15. b3 bxa4 16. Rxa4 Bxb3 17. Rxa8 Bxd1 18. Rxf8+ Nxf8 19. Rxd1 Ne6 20. Kf2 Qb3 21. Rd2 Nb4 22. Ne1 Bb2 23. f5 Nd4 24. Nxd4 cxd4 25. Bf4 Bc3 26. Re2 Bxe1+ 27. Kxe1 Nxd3+ 28. Kd2 Qb2+ 29. Kd1 Qb1+ 30. Kd2 Qc1+ 31. Kxd3 Qc3# 0-1

[Event "London Golders Green op U2200 5th"]
[Site "London"]
[Date "2015.01.18"]
[Round "5"]
[White "Hung, Jake"]
[Black "Prior, Stephen"]
[Result "0-1"]
[WhiteElo "1683"]
[BlackElo "2024"]
[PlyCount "48"]
[EventDate "2015.01.17"]
[EventType "swiss"]
[EventRounds "5"]
[EventCountry "ENG"]
[SourceTitle "EXT 2018"]
[Source "ChessBase"]
[SourceDate "2017.10.13"]
[SourceVersion "1"]
[SourceVersionDate "2017.10.13"]
[SourceQuality "1"]

1. c4 g6 2. g3 Bg7 3. Bg2 d6 4. Nc3 e5 5. e4 Ne7 6. Nge2 Nbc6 7. 0-0 0-0 8. Rb1 f5 9. f4 a5 10. a3 Be6 11. d3 Qd7 12. Rf2 fxe4 13. Nxe4 Bg4 14. Qb3 Bxe2 15. Rxe2 Nd4 16. Qd1 Nxe2+ 17. Qxe2 Nf5 18. fxe5 Bxe5 19. Be3 Qg7 20. Ng5 Nxe3 21. Ne6 Qh6 22. Nxf8 Rxf8 23. d4 Bxd4 24. Qd3 Ng4+ 0-1

[Event "London Golders Green op U1900 4th"]
[Site "London"]
[Date "2014.08.23"]
[Round "1"]
[White "Ciani, Davide"]
[Black "Hung, Jake"]
[Result "1-0"]
[WhiteElo "1761"]
[BlackElo "1683"]
[PlyCount "65"]
[EventDate "2014.08.23"]
[EventType "swiss"]
[EventRounds "6"]
[EventCountry "ENG"]
[SourceTitle "EXT 2018"]
[Source "ChessBase"]
[SourceDate "2017.10.13"]
[SourceVersion "1"]
[SourceVersionDate "2017.10.13"]
[SourceQuality "1"]

1. d4 d5 2. c4 c6 3. cxd5 cxd5 4. Nc3 Nf6 5. Bf4 a6 6. e3 Bf5 7. Bd3 Bxd3 8. Qxd3 Nc6 9. Nf3 e6 10. 0-0 Bd6 11. Bxd6 Qxd6 12. Rfc1 b5 13. Nxb5 Qb8 14. Rxc6 axb5 15. Rc5 b4 16. Qb5+ Nd7 17. Ne5 Qd6 18. Nxd7 Qxd7 19. Qxb4 0-0 20. Qc3 Rfb8 21. a3 Rb7 22. Rc1 Rbb8 23. a4 h5 24. b3 g5 25. Qd3 Kg7 26. e4 Rb7 27. exd5 exd5 28. Qf3 Kg6 29. Rc6+ Kg7 30. Qf6+ Kg8 31. Qxg5+ Kf8 32. Qxh5 Rab8 33. Qh8+ 1-0

[Event "BCF-chT3 1314 (4NCL)"]
[Site "England"]
[Date "2014.03.23"]
[Round "8.33"]
[White "Herring, Tim JC"]
[Black "Hung, Jake"]
[Result "0-1"]
[WhiteElo "1589"]
[BlackElo "1671"]
[PlyCount "63"]
[EventDate "2013.11.16"]
[EventType "team-swiss"]
[EventRounds "11"]
[EventCountry "ENG"]
[SourceTitle "EXT 2015"]
[Source "ChessBase"]
[SourceDate "2014.11.20"]
[SourceVersion "1"]
[SourceVersionDate "2014.11.20"]
[SourceQuality "1"]
[WhiteTeam "Celtic Tigers II"]
[BlackTeam "Barnet Knights"]
[WhiteTeamCountry "ENG"]
[BlackTeamCountry "ENG"]

1. d4 d5 2. Bf4 Nf6 3. e3 Bf5 4. Bd3 Bxd3 5. Qxd3 a6 6. h3 e6 7. Nf3 Bd6 8. Ne5 Nbd7 9. Nd2 Nh5 10. Ndf3 Nxf4 11. exf4 f6 12. Nxd7 Qxd7 13. g3 0-0 14. 0-0 Rae8 15. Rae1 b5 16. Re2 Rf7 17. Kg2 c5 18. c3 Rfe7 19. Rfe1 c4 20. Qc2 a5 21. a3 b4 22. axb4 axb4 23. Qd2 Qb7 24. Ra1 e5 25. fxe5 fxe5 26. dxe5 Bxe5 27. Nxe5 Rxe5 28. Rxe5 Rxe5 29. f3 bxc3 30. bxc3 Re8 31. h4 Rd8 32. Ra5 0-1

[Event "London op Congress August U1900"]
[Site "London"]
[Date "2013.08.26"]
[Round "5"]
[White "Hung, Jake"]
[Black "Pattni, Kishan"]
[Result "1-0"]
[WhiteElo "1635"]
[BlackElo "1727"]
[PlyCount "91"]
[EventDate "2013.08.24"]
[EventType "swiss"]
[EventRounds "6"]
[EventCountry "ENG"]
[SourceTitle "EXT 2023"]
[Source "ChessBase"]
[SourceDate "2022.10.05"]
[SourceVersion "1"]
[SourceVersionDate "2022.10.05"]
[SourceQuality "1"]

1. c4 Nf6 2. Nc3 g6 3. g3 Bg7 4. Bg2 0-0 5. Nf3 d6 6. 0-0 Re8 7. Rb1 c5 8. a3 e5 9. d3 Nc6 10. b4 Bf5 11. e4 Bc8 12. Nd5 Nxd5 13. cxd5 Nd4 14. Nxd4 cxd4 15. Bd2 f5 16. f4 Bd7 17. Qb3 Rc8 18. b5 Qb6 19. a4 a6 20. a5 Qxb5 21. Qa3 Qa4 22. Qxd6 Bf8 23. Qb6 Bb5 24. Ra1 Qb3 25. fxe5 Qxd3 26. Rad1 Qa3 27. Rfe1 fxe4 28. Bxe4 Qe7 29. d6 Qxe5 30. Bxb7 Qxd6 31. Qxd6 Bxd6 32. Bxc8 Rxc8 33. Re4 d3 34. Bb4 Bxb4 35. Rxb4 Rc5 36. h4 Kf7 37. Kf2 Re5 38. Rf4+ Ke6 39. Rd2 h6 40. Rf3 h5 41. Re3 Bc4 42. Rb2 Kf5 43. Rxe5+ Kxe5 44. Ke3 Kf5 45. Rf2+ Kg4 46. Rf4+ 1-0

[Event "London op Congress August U1900"]
[Site "London"]
[Date "2013.08.25"]
[Round "3"]
[White "Hung, Jake"]
[Black "Kane, Robert"]
[Result "0-1"]
[WhiteElo "1635"]
[BlackElo "1875"]
[PlyCount "58"]
[EventDate "2013.08.24"]
[EventType "swiss"]
[EventRounds "6"]
[EventCountry "ENG"]
[SourceTitle "EXT 2023"]
[Source "ChessBase"]
[SourceDate "2022.10.05"]
[SourceVersion "1"]
[SourceVersionDate "2022.10.05"]
[SourceQuality "1"]

1. c4 c6 2. g3 d5 3. cxd5 cxd5 4. d4 Nc6 5. Nc3 Nf6 6. Bg2 e6 7. Nf3 Bd6 8. 0-0 0-0 9. Nb5 Bb8 10. a3 a6 11. Nc3 b5 12. b4 Qb6 13. Rb1 Bb7 14. Qd3 Ne4 15. Ng5 Nxg5 16. Bxg5 Qxd4 17. Qc2 Rc8 18. Rbc1 Ba7 19. e3 Qg4 20. Bf4 d4 21. h3 Qh5 22. g4 Qh4 23. Bg3 Qe7 24. exd4 Nxd4 25. Qd3 Bxg2 26. Kxg2 Qb7+ 27. f3 Rd8 28. Ne2 Nf5 29. Qc2 Ne3+ 0-1

[Event "Hampstead op U2200 03"]
[Site "Hampstead"]
[Date "2013.03.16"]
[Round "2"]
[White "Warstad, Leif Edvin"]
[Black "Hung, Jake"]
[Result "0-1"]
[WhiteElo "1323"]
[BlackElo "1659"]
[PlyCount "62"]
[EventDate "2013.03.16"]
[EventType "swiss"]
[EventRounds "5"]
[EventCountry "ENG"]
[SourceTitle "EXT 2014"]
[Source "ChessBase"]
[SourceDate "2013.11.20"]
[SourceVersion "1"]
[SourceVersionDate "2013.11.20"]
[SourceQuality "1"]

1. Nf3 d5 2. e3 Nf6 3. g3 Bf5 4. Bg2 e6 5. 0-0 Bd6 6. b3 0-0 7. Bb2 c5 8. d3 Nc6 9. Nbd2 b5 10. Re1 Be7 11. e4 Bg6 12. c4 bxc4 13. e5 Nd7 14. dxc4 d4 15. Nf1 Rb8 16. h3 Qc7 17. Qe2 Nb4 18. Rec1 Nd3 19. Rd1 Nxb2 20. Qxb2 Nxe5 21. Nxe5 Qxe5 22. Re1 Qd6 23. Nd2 Bf6 24. Rad1 Qc7 25. Ne4 Bxe4 26. Bxe4 a5 27. Qc2 g6 28. Qd3 Bg7 29. g4 Qf4 30. Rf1 Be5 31. Qg3 Qxe4 0-1

[Event "Hampstead op U2200 02"]
[Site "Hampstead"]
[Date "2013.02.17"]
[Round "5"]
[White "Hung, Jake"]
[Black "Pyper, Ramsay"]
[Result "1/2-1/2"]
[WhiteElo "1637"]
[BlackElo "1794"]
[PlyCount "56"]
[EventDate "2013.02.16"]
[EventType "swiss"]
[EventRounds "5"]
[EventCountry "ENG"]
[SourceTitle "EXT 2014"]
[Source "ChessBase"]
[SourceDate "2013.11.20"]
[SourceVersion "1"]
[SourceVersionDate "2013.11.20"]
[SourceQuality "1"]

1. c4 e6 2. g3 d5 3. cxd5 exd5 4. d4 Nf6 5. Bg2 Bb4+ 6. Nc3 c6 7. Bd2 Bf5 8. Nf3 0-0 9. 0-0 h6 10. a3 Bd6 11. Re1 Nbd7 12. b4 Nb6 13. Qb3 Nc4 14. a4 Qb6 15. b5 Nxd2 16. Nxd2 Qxd4 17. Rad1 Qb4 18. bxc6 bxc6 19. e4 dxe4 20. Ncxe4 Bxe4 21. Bxe4 Nxe4 22. Rxe4 Qxb3 23. Nxb3 Rfd8 24. Rc4 c5 25. Nxc5 Bxc5 26. Rxd8+ Rxd8 27. Rxc5 Rd7 28. Kf1 Kf8 1/2-1/2

[Event "High Wycombe e2e4 Intermediate op 03"]
[Site "High Wycombe"]
[Date "2012.03.18"]
[Round "4"]
[White "Ganner, Tony"]
[Black "Hung, Jake"]
[Result "0-1"]
[WhiteElo "1462"]
[BlackElo "1566"]
[PlyCount "134"]
[EventDate "2012.03.16"]
[EventType "swiss"]
[EventRounds "5"]
[EventCountry "ENG"]
[SourceTitle "EXT 2014"]
[Source "ChessBase"]
[SourceDate "2013.11.20"]
[SourceVersion "1"]
[SourceVersionDate "2013.11.20"]
[SourceQuality "1"]

1. d4 d5 2. c4 c6 3. Nc3 Nf6 4. Bg5 e6 5. Nf3 Be7 6. e3 Nbd7 7. Rc1 0-0 8. Be2 dxc4 9. Bxc4 b5 10. Be2 Bb7 11. a3 a6 12. 0-0 c5 13. dxc5 Nxc5 14. Qxd8 Raxd8 15. b4 Nb3 16. Rcd1 Bxf3 17. Bxf3 Nd2 18. Rfe1 Nxf3+ 19. gxf3 h6 20. Bh4 Ra8 21. e4 g5 22. Bg3 Rfc8 23. Be5 Ra7 24. Rd3 Nd7 25. Bd4 Rac7 26. Nb1 Nf6 27. h3 Rc1 28. Red1 Rxd1+ 29. Rxd1 Rd8 30. Nc3 Rc8 31. Be5 Kf8 32. Rd3 Ke8 33. Kg2 Nh5 34. Ne2 f6 35. Bc3 e5 36. Kh2 Nf4 37. Nxf4 gxf4 38. h4 h5 39. Kg2 Kf7 40. Bd2 Ke6 41. Rc3 Rxc3 42. Bxc3 f5 43. Kh3 Bd8 44. Bd2 Bb6 45. Be1 Bd4 46. Kg2 Bb2 47. Kf1 fxe4 48. fxe4 f3 49. Bd2 Bxa3 50. Ke1 Bb2 51. Kf1 Bd4 52. Be3 Bc3 53. Bc5 a5 54. bxa5 Bxa5 55. Kg1 Bd8 56. Kh2 Bxh4 57. Kh3 Bg5 58. Bb4 Be7 59. Ba5 b4 60. Bxb4 Bxb4 61. Kg3 Kf6 62. Kxf3 Kg5 63. Kg2 Kf4 64. Kh3 Kxe4 65. Kh4 Be1 66. Kxh5 Bxf2 67. Kg4 Ke3 0-1